[Event "April 9 Early 2024"]
[Site "Chess.com"]
[Date "2024.04.09"]
[Round "3"]
[White "Fiedorek, Michal"]
[Black "Bernado Lopez, Roger"]
[Result "0-1"]
[Board "183"]
[WhiteFideId "1199528"]
[BlackFideId "24585009"]
[WhiteTitle "FM"]
[BlackTitle "FM"]
[WhiteElo "2572"]
[BlackElo "2321"]
[WhiteTeam "POL"]
[BlackTeam "ESP"]
[WhiteClock "0:00:24"]
[BlackClock "0:00:50"]
[Variant "Standard"]

1. e4 {[%clk 0:02:59]}  e5 {[%clk 0:02:59]} 2. Nf3 {[%clk 0:02:58]}  Nc6 {[%clk 0:02:59]} 3. Bb5 {[%clk 0:02:48]}  Nf6 {[%clk 0:02:58]} 4. d3 {[%clk 0:02:47]}  Bc5 {[%clk 0:02:58]} 5. Bxc6 {[%clk 0:02:47]}  dxc6 {[%clk 0:02:58]} 6. O-O {[%clk 0:02:47]}  Bg4 {[%clk 0:02:56]} 7. Nbd2 {[%clk 0:02:39]}  Qe7 {[%clk 0:02:55]} 8. a3 {[%clk 0:02:38]}  Nd7 {[%clk 0:02:53]} 9. c3 {[%clk 0:02:29]}  O-O {[%clk 0:02:45]} 10. b4 {[%clk 0:02:16]}  Bb6 {[%clk 0:02:44]} 11. h3 {[%clk 0:02:11]}  Be6 {[%clk 0:02:40]} 12. Re1 {[%clk 0:02:06]}  f6 {[%clk 0:02:39]} 13. Nf1 {[%clk 0:02:00]}  a5 {[%clk 0:02:39]} 14. Be3 {[%clk 0:01:51]}  Rfd8 {[%clk 0:02:33]} 15. Qc2 {[%clk 0:01:47]}  Bf7 {[%clk 0:02:06]} 16. Ng3 {[%clk 0:01:46]}  g6 {[%clk 0:02:05]} 17. d4 {[%clk 0:01:39]}  axb4 {[%clk 0:02:00]} 18. cxb4 {[%clk 0:01:35]}  exd4 {[%clk 0:01:57]} 19. Nxd4 {[%clk 0:01:33]}  Ne5 {[%clk 0:01:55]} 20. Ndf5 {[%clk 0:01:06]}  gxf5 {[%clk 0:01:53]} 21. Nxf5 {[%clk 0:01:07]}  Qe6 {[%clk 0:01:45]} 22. Qe2 {[%clk 0:00:56]}  Bxe3 {[%clk 0:01:44]} 23. Qxe3 {[%clk 0:00:56]}  Kh8 {[%clk 0:01:40]} 24. Qh6 {[%clk 0:00:52]}  Rg8 {[%clk 0:01:39]} 25. Re3 {[%clk 0:00:52]}  Rg6 {[%clk 0:01:37]} 26. Qh4 {[%clk 0:00:50]}  Rag8 {[%clk 0:01:33]} 27. g3 {[%clk 0:00:50]}  Nc4 {[%clk 0:01:24]} 28. Re2 {[%clk 0:00:46]}  Nd6 {[%clk 0:01:22]} 29. Nd4 {[%clk 0:00:43]}  Qe5 {[%clk 0:01:20]} 30. Rd1 {[%clk 0:00:39]}  Nb5 {[%clk 0:01:00]} 31. Nf3 {[%clk 0:00:34]}  Qe7 {[%clk 0:00:52]} 32. e5 {[%clk 0:00:34]}  Nc3 {[%clk 0:00:50]} 33. Re3 {[%clk 0:00:24]}  Nxd1 {[%clk 0:00:50]} 0-1

[Event "April 9 Early 2024"]
[Site "Chess.com"]
[Date "2024.04.09"]
[Round "3"]
[White "Baches Garcia, Guillermo"]
[Black "Ilimbek Esenbek Uulu"]
[Result "1-0"]
[Board "184"]
[WhiteFideId "2209764"]
[BlackFideId "13800680"]
[WhiteTitle "IM"]
[WhiteElo "2572"]
[BlackElo "2314"]
[WhiteTeam "ESP"]
[BlackTeam "KGZ"]
[WhiteClock "0:00:42"]
[BlackClock "0:00:00"]
[Variant "Standard"]

1. e4 {[%clk 0:03:00]}  c5 {[%clk 0:02:35]} 2. Nf3 {[%clk 0:03:00]}  d6 {[%clk 0:02:35]} 3. d4 {[%clk 0:03:00]}  cxd4 {[%clk 0:02:36]} 4. Qxd4 {[%clk 0:03:00]}  Nc6 {[%clk 0:02:35]} 5. Bb5 {[%clk 0:03:00]}  Bd7 {[%clk 0:02:36]} 6. Qd3 {[%clk 0:03:00]}  Nf6 {[%clk 0:02:35]} 7. c4 {[%clk 0:03:00]}  g6 {[%clk 0:02:35]} 8. Nc3 {[%clk 0:03:00]}  Bg7 {[%clk 0:02:33]} 9. O-O {[%clk 0:02:59]}  O-O {[%clk 0:02:33]} 10. h3 {[%clk 0:02:59]}  a6 {[%clk 0:02:33]} 11. Bxc6 {[%clk 0:02:59]}  Bxc6 {[%clk 0:02:33]} 12. Nd4 {[%clk 0:02:59]}  Rc8 {[%clk 0:02:28]} 13. Be3 {[%clk 0:02:56]}  Nd7 {[%clk 0:02:25]} 14. Rac1 {[%clk 0:02:52]}  Ne5 {[%clk 0:02:16]} 15. Qe2 {[%clk 0:02:51]}  Bd7 {[%clk 0:02:16]} 16. b3 {[%clk 0:02:46]}  Qa5 {[%clk 0:02:12]} 17. Nd5 {[%clk 0:02:39]}  Rfe8 {[%clk 0:02:01]} 18. f4 {[%clk 0:02:38]}  Nc6 {[%clk 0:01:52]} 19. Nxc6 {[%clk 0:02:34]}  Rxc6 {[%clk 0:01:52]} 20. Qf2 {[%clk 0:02:17]}  b5 {[%clk 0:01:33]} 21. c5 {[%clk 0:01:52]}  Be6 {[%clk 0:01:05]} 22. f5 {[%clk 0:01:36]}  Bxd5 {[%clk 0:01:01]} 23. exd5 {[%clk 0:01:36]}  Rxc5 {[%clk 0:00:46]} 24. Bxc5 {[%clk 0:01:32]}  dxc5 {[%clk 0:00:46]} 25. Rxc5 {[%clk 0:01:03]}  g5 {[%clk 0:00:00]} 26. Kh1 {[%clk 0:00:42]} 1-0

[Event "April 9 Early 2024"]
[Site "Chess.com"]
[Date "2024.04.10"]
[Round "3"]
[White "Lesbekova, Assel"]
[Black "Al-Tarboush, Ward"]
[Result "0-1"]
[Board "185"]
[WhiteFideId "13713248"]
[BlackFideId "7601450"]
[WhiteTitle "WCM"]
[BlackTitle "FM"]
[WhiteElo "2313"]
[BlackElo "2571"]
[WhiteTeam "KGZ"]
[BlackTeam "NOR"]
[WhiteClock "0:01:07"]
[BlackClock "0:01:59"]
[Variant "Standard"]

1. e4 {[%clk 0:03:00]}  e6 {[%clk 0:02:59]} 2. d4 {[%clk 0:02:59]}  d5 {[%clk 0:02:59]} 3. Nd2 {[%clk 0:03:00]}  c5 {[%clk 0:02:56]} 4. exd5 {[%clk 0:02:59]}  Qxd5 {[%clk 0:02:56]} 5. Ngf3 {[%clk 0:02:56]}  cxd4 {[%clk 0:02:56]} 6. Bc4 {[%clk 0:02:46]}  Qd6 {[%clk 0:02:56]} 7. O-O {[%clk 0:02:44]}  Nf6 {[%clk 0:02:55]} 8. Nb3 {[%clk 0:02:42]}  Nc6 {[%clk 0:02:55]} 9. Bb5 {[%clk 0:02:39]}  e5 {[%clk 0:02:44]} 10. Re1 {[%clk 0:02:30]}  Bg4 {[%clk 0:02:42]} 11. Nbxd4 {[%clk 0:02:18]}  O-O-O {[%clk 0:02:23]} 12. Bxc6 {[%clk 0:01:36]}  bxc6 {[%clk 0:02:22]} 13. h3 {[%clk 0:01:31]}  Bxf3 {[%clk 0:02:18]} 14. Qxf3 {[%clk 0:01:31]}  exd4 {[%clk 0:02:13]} 15. Bf4 {[%clk 0:01:31]}  Qd5 {[%clk 0:02:12]} 16. Qd3 {[%clk 0:01:25]}  Qb5 {[%clk 0:02:07]} 17. c4 {[%clk 0:01:21]}  dxc3 {[%clk 0:02:04]} 18. Qxc3 {[%clk 0:01:20]}  Bb4 {[%clk 0:02:02]} 19. Qb3 {[%clk 0:01:13]}  Bxe1 {[%clk 0:02:00]} 20. Qxf7 {[%clk 0:01:07]}  Rd7 {[%clk 0:01:59]} 0-1

[Event "April 9 Early 2024"]
[Site "Chess.com"]
[Date "2024.04.09"]
[Round "3"]
[White "Rose, Felix"]
[Black "Asish Panda"]
[Result "1/2-1/2"]
[Board "186"]
[WhiteFideId "5105722"]
[BlackFideId "45012458"]
[WhiteTitle "CM"]
[WhiteElo "2312"]
[BlackElo "2571"]
[WhiteTeam "MEX"]
[BlackTeam "IND"]
[WhiteClock "0:00:12"]
[BlackClock "0:00:17"]
[Variant "Standard"]

1. e4 {[%clk 0:03:00]}  e6 {[%clk 0:02:58]} 2. d4 {[%clk 0:03:00]}  d5 {[%clk 0:02:57]} 3. Nc3 {[%clk 0:03:01]}  Nf6 {[%clk 0:02:57]} 4. e5 {[%clk 0:03:01]}  Nfd7 {[%clk 0:02:57]} 5. f4 {[%clk 0:03:02]}  c5 {[%clk 0:02:55]} 6. Nf3 {[%clk 0:03:03]}  Nc6 {[%clk 0:02:55]} 7. Be3 {[%clk 0:03:03]}  Be7 {[%clk 0:02:55]} 8. Qd2 {[%clk 0:03:03]}  a6 {[%clk 0:02:55]} 9. h4 {[%clk 0:02:56]}  b5 {[%clk 0:02:54]} 10. h5 {[%clk 0:02:53]}  h6 {[%clk 0:02:54]} 11. dxc5 {[%clk 0:02:51]}  Bxc5 {[%clk 0:02:53]} 12. Nd4 {[%clk 0:02:05]}  Qb6 {[%clk 0:02:49]} 13. O-O-O {[%clk 0:02:00]}  Bb7 {[%clk 0:02:47]} 14. Qf2 {[%clk 0:01:57]}  Rc8 {[%clk 0:02:37]} 15. Kb1 {[%clk 0:01:51]}  Nxd4 {[%clk 0:02:26]} 16. Bxd4 {[%clk 0:01:47]}  Bxd4 {[%clk 0:02:26]} 17. Qxd4 {[%clk 0:01:46]}  Qxd4 {[%clk 0:02:26]} 18. Rxd4 {[%clk 0:01:46]}  O-O {[%clk 0:02:27]} 19. Bd3 {[%clk 0:01:33]}  f6 {[%clk 0:02:25]} 20. exf6 {[%clk 0:01:22]}  Rxf6 {[%clk 0:02:25]} 21. Re1 {[%clk 0:01:21]}  Rcf8 {[%clk 0:02:23]} 22. g3 {[%clk 0:01:22]}  Nc5 {[%clk 0:02:19]} 23. b4 {[%clk 0:01:14]}  Nxd3 {[%clk 0:02:00]} 24. Rxd3 {[%clk 0:01:05]}  Bc8 {[%clk 0:02:01]} 25. Ne2 {[%clk 0:00:55]}  Rf5 {[%clk 0:01:44]} 26. Rh1 {[%clk 0:00:46]}  e5 {[%clk 0:01:41]} 27. fxe5 {[%clk 0:00:37]}  Rxe5 {[%clk 0:01:40]} 28. Nf4 {[%clk 0:00:38]}  Bf5 {[%clk 0:01:19]} 29. Rd4 {[%clk 0:00:35]}  Rc8 {[%clk 0:01:09]} 30. Rh2 {[%clk 0:00:34]}  Be4 {[%clk 0:01:07]} 31. Rhd2 {[%clk 0:00:33]}  Rc4 {[%clk 0:00:56]} 32. Kb2 {[%clk 0:00:30]}  Rg5 {[%clk 0:00:52]} 33. Nxd5 {[%clk 0:00:24]}  Bxd5 {[%clk 0:00:50]} 34. Rxd5 {[%clk 0:00:22]}  Rxb4+ {[%clk 0:00:47]} 35. Ka3 {[%clk 0:00:22]}  Ra4+ {[%clk 0:00:47]} 36. Kb3 {[%clk 0:00:22]}  Rxg3+ {[%clk 0:00:46]} 37. c3 {[%clk 0:00:23]}  Rc4 {[%clk 0:00:45]} 38. Rd8+ {[%clk 0:00:17]}  Kh7 {[%clk 0:00:45]} 39. R2d3 {[%clk 0:00:17]}  Rg5 {[%clk 0:00:38]} 40. R8d6 {[%clk 0:00:15]}  a5 {[%clk 0:00:37]} 41. R6d5 {[%clk 0:00:15]}  a4+ {[%clk 0:00:28]} 42. Ka3 {[%clk 0:00:15]}  Rxc3+ {[%clk 0:00:26]} 43. Rxc3 {[%clk 0:00:15]}  Rxd5 {[%clk 0:00:27]} 44. Kb4 {[%clk 0:00:16]}  Rxh5 {[%clk 0:00:25]} 45. a3 {[%clk 0:00:16]}  Rf5 {[%clk 0:00:24]} 46. Rc6 {[%clk 0:00:15]}  h5 {[%clk 0:00:24]} 47. Rb6 {[%clk 0:00:13]}  h4 {[%clk 0:00:23]} 48. Re6 {[%clk 0:00:13]}  h3 {[%clk 0:00:19]} 49. Re3 {[%clk 0:00:13]}  Rh5 {[%clk 0:00:17]} 50. Re1 {[%clk 0:00:11]}  h2 {[%clk 0:00:17]} 51. Rh1 {[%clk 0:00:11]}  g5 {[%clk 0:00:17]} 52. Kxb5 {[%clk 0:00:11]}  g4+ {[%clk 0:00:17]} 53. Kxa4 {[%clk 0:00:12]}  g3 {[%clk 0:00:18]} 54. Rb1 {[%clk 0:00:12]}  h1=Q {[%clk 0:00:17]} 55. Rb7+ {[%clk 0:00:12]}  Qxb7 {[%clk 0:00:17]} 1/2-1/2

[Event "April 9 Early 2024"]
[Site "Chess.com"]
[Date "2024.04.09"]
[Round "3"]
[White "Essing, Arnold"]
[Black "Fedotov, Nikita"]
[Result "1-0"]
[Board "187"]
[WhiteFideId "4619862"]
[BlackFideId "24161446"]
[WhiteTitle "FM"]
[BlackTitle "FM"]
[WhiteElo "2311"]
[BlackElo "2570"]
[WhiteTeam "GER"]
[BlackTeam "RUS"]
[WhiteClock "0:00:38"]
[BlackClock "0:00:00"]
[Variant "Standard"]

1. d4 {[%clk 0:03:00]}  Nf6 {[%clk 0:02:59]} 2. Nf3 {[%clk 0:03:00]}  c5 {[%clk 0:02:57]} 3. d5 {[%clk 0:02:59]}  b5 {[%clk 0:02:56]} 4. c4 {[%clk 0:02:59]}  b4 {[%clk 0:02:57]} 5. a3 {[%clk 0:02:55]}  a5 {[%clk 0:02:48]} 6. g3 {[%clk 0:02:46]}  g6 {[%clk 0:02:46]} 7. Bg2 {[%clk 0:02:46]}  d6 {[%clk 0:02:46]} 8. O-O {[%clk 0:02:45]}  Bg7 {[%clk 0:02:46]} 9. Nbd2 {[%clk 0:02:35]}  O-O {[%clk 0:02:45]} 10. a4 {[%clk 0:02:26]}  Ra7 {[%clk 0:02:45]} 11. e4 {[%clk 0:02:23]}  e6 {[%clk 0:02:44]} 12. Rb1 {[%clk 0:02:21]}  Re8 {[%clk 0:02:42]} 13. b3 {[%clk 0:02:20]}  exd5 {[%clk 0:02:40]} 14. exd5 {[%clk 0:02:20]}  Bf5 {[%clk 0:02:40]} 15. Rb2 {[%clk 0:02:13]}  Ne4 {[%clk 0:02:39]} 16. Nxe4 {[%clk 0:02:12]}  Bxb2 {[%clk 0:02:28]} 17. Bxb2 {[%clk 0:02:11]}  Bxe4 {[%clk 0:02:27]} 18. Qd2 {[%clk 0:02:03]}  Bxf3 {[%clk 0:02:17]} 19. Bxf3 {[%clk 0:02:03]}  Nd7 {[%clk 0:02:17]} 20. Bg2 {[%clk 0:01:59]}  Qe7 {[%clk 0:02:08]} 21. Ba1 {[%clk 0:01:47]}  f6 {[%clk 0:01:53]} 22. Bh3 {[%clk 0:01:45]}  Nf8 {[%clk 0:01:51]} 23. Qf4 {[%clk 0:01:38]}  Kg7 {[%clk 0:01:48]} 24. Bg4 {[%clk 0:01:16]}  h6 {[%clk 0:01:37]} 25. h4 {[%clk 0:01:14]}  h5 {[%clk 0:01:23]} 26. Bh3 {[%clk 0:01:06]}  Raa8 {[%clk 0:01:18]} 27. g4 {[%clk 0:01:03]}  hxg4 {[%clk 0:00:57]} 28. Bxg4 {[%clk 0:01:04]}  Nh7 {[%clk 0:00:54]} 29. Be6 {[%clk 0:01:03]}  Kh8 {[%clk 0:00:39]} 30. Kh2 {[%clk 0:00:58]}  Rad8 {[%clk 0:00:34]} 31. Rg1 {[%clk 0:00:55]}  Qg7 {[%clk 0:00:32]} 32. Rg2 {[%clk 0:00:47]}  Rf8 {[%clk 0:00:18]} 33. Bf5 {[%clk 0:00:40]}  Rde8 {[%clk 0:00:03]} 34. Rxg6 {[%clk 0:00:38]}  Qf7 {[%clk 0:00:00]} 35. Rh6 {[%clk 0:00:38]} 1-0

[Event "April 9 Early 2024"]
[Site "Chess.com"]
[Date "2024.04.09"]
[Round "3"]
[White "Jimenez, Maria"]
[Black "De Boer, Eelke"]
[Result "0-1"]
[Board "192"]
[WhiteFideId "3843866"]
[BlackFideId "1048120"]
[WhiteTitle "WFM"]
[BlackTitle "FM"]
[WhiteElo "2300"]
[BlackElo "2566"]
[WhiteTeam "PER"]
[BlackTeam "NED"]
[WhiteClock "0:00:14"]
[BlackClock "0:00:04"]
[Variant "Standard"]

1. e4 {[%clk 0:02:59]}  c5 {[%clk 0:02:33]} 2. Nf3 {[%clk 0:02:58]}  d6 {[%clk 0:02:30]} 3. d4 {[%clk 0:02:59]}  cxd4 {[%clk 0:02:27]} 4. Nxd4 {[%clk 0:03:00]}  Nf6 {[%clk 0:02:25]} 5. f3 {[%clk 0:03:00]}  e5 {[%clk 0:02:21]} 6. Nb3 {[%clk 0:03:01]}  d5 {[%clk 0:02:20]} 7. Bg5 {[%clk 0:03:01]}  Be6 {[%clk 0:02:16]} 8. Bxf6 {[%clk 0:03:01]}  gxf6 {[%clk 0:02:16]} 9. exd5 {[%clk 0:03:01]}  Qxd5 {[%clk 0:02:17]} 10. Qxd5 {[%clk 0:03:00]}  Bxd5 {[%clk 0:02:18]} 11. Nc3 {[%clk 0:03:01]}  Be6 {[%clk 0:02:18]} 12. O-O-O {[%clk 0:03:00]}  Nc6 {[%clk 0:02:14]} 13. Nb5 {[%clk 0:02:55]}  Rc8 {[%clk 0:02:08]} 14. Nd6+ {[%clk 0:02:51]}  Bxd6 {[%clk 0:02:04]} 15. Rxd6 {[%clk 0:02:52]}  Nb4 {[%clk 0:01:58]} 16. Bb5+ {[%clk 0:02:24]}  Ke7 {[%clk 0:01:58]} 17. Rd2 {[%clk 0:02:25]}  Nxa2+ {[%clk 0:01:46]} 18. Kb1 {[%clk 0:02:22]}  Nb4 {[%clk 0:01:46]} 19. Rhd1 {[%clk 0:02:09]}  a6 {[%clk 0:01:08]} 20. Bd7 {[%clk 0:02:03]}  Rxc2 {[%clk 0:00:50]} 21. Rxc2 {[%clk 0:01:50]}  Bxb3 {[%clk 0:00:48]} 22. Bf5 {[%clk 0:01:28]}  Bxc2+ {[%clk 0:00:45]} 23. Bxc2 {[%clk 0:01:29]}  Nxc2 {[%clk 0:00:45]} 24. Kxc2 {[%clk 0:01:27]}  Rc8+ {[%clk 0:00:36]} 25. Kb3 {[%clk 0:01:24]}  Rd8 {[%clk 0:00:32]} 26. Rc1 {[%clk 0:01:22]}  Kd7 {[%clk 0:00:32]} 27. Rd1+ {[%clk 0:01:21]}  Kc7 {[%clk 0:00:32]} 28. Rc1+ {[%clk 0:01:22]}  Kb6 {[%clk 0:00:32]} 29. Rc2 {[%clk 0:01:22]}  h5 {[%clk 0:00:30]} 30. Ka2 {[%clk 0:01:18]}  f5 {[%clk 0:00:27]} 31. Re2 {[%clk 0:01:15]}  f6 {[%clk 0:00:27]} 32. b3 {[%clk 0:01:15]}  f4 {[%clk 0:00:25]} 33. Kb2 {[%clk 0:01:14]}  h4 {[%clk 0:00:25]} 34. h3 {[%clk 0:01:13]}  Rd1 {[%clk 0:00:17]} 35. Kc2 {[%clk 0:01:13]}  Rd4 {[%clk 0:00:16]} 36. Kc3 {[%clk 0:01:13]}  Kc5 {[%clk 0:00:15]} 37. Ra2 {[%clk 0:01:09]}  Rd6 {[%clk 0:00:12]} 38. Re2 {[%clk 0:01:08]}  b5 {[%clk 0:00:12]} 39. Re4 {[%clk 0:01:05]}  a5 {[%clk 0:00:11]} 40. Re2 {[%clk 0:01:02]}  Rd1 {[%clk 0:00:09]} 41. Kc2 {[%clk 0:01:01]}  Rd4 {[%clk 0:00:09]} 42. Kc3 {[%clk 0:00:59]}  a4 {[%clk 0:00:09]} 43. Ra2 {[%clk 0:00:54]}  b4+ {[%clk 0:00:08]} 44. Kc2 {[%clk 0:00:53]}  a3 {[%clk 0:00:08]} 45. Ra1 {[%clk 0:00:51]}  e4 {[%clk 0:00:06]} 46. fxe4 {[%clk 0:00:45]}  Rxe4 {[%clk 0:00:07]} 47. Rf1 {[%clk 0:00:43]}  Re2+ {[%clk 0:00:04]} 48. Kb1 {[%clk 0:00:43]}  Rxg2 {[%clk 0:00:04]} 49. Rxf4 {[%clk 0:00:42]}  Rb2+ {[%clk 0:00:04]} 50. Ka1 {[%clk 0:00:42]}  Rxb3 {[%clk 0:00:05]} 51. Rxh4 {[%clk 0:00:41]}  Rf3 {[%clk 0:00:04]} 52. Rh8 {[%clk 0:00:32]}  Kc4 {[%clk 0:00:04]} 53. Rc8+ {[%clk 0:00:23]}  Kb3 {[%clk 0:00:04]} 54. Rc1 {[%clk 0:00:23]}  Rxh3 {[%clk 0:00:04]} 55. Rf1 {[%clk 0:00:23]}  Rh6 {[%clk 0:00:02]} 56. Re1 {[%clk 0:00:20]}  f5 {[%clk 0:00:02]} 57. Rf1 {[%clk 0:00:20]}  Rf6 {[%clk 0:00:02]} 58. Re1 {[%clk 0:00:20]}  f4 {[%clk 0:00:02]} 59. Rf1 {[%clk 0:00:19]}  f3 {[%clk 0:00:03]} 60. Rf2 {[%clk 0:00:19]}  Kc3 {[%clk 0:00:03]} 61. Ka2 {[%clk 0:00:19]}  Kd3 {[%clk 0:00:03]} 62. Kb3 {[%clk 0:00:18]}  Ke3 {[%clk 0:00:03]} 63. Rc2 {[%clk 0:00:16]}  f2 {[%clk 0:00:03]} 64. Kxb4 {[%clk 0:00:14]}  f1=Q {[%clk 0:00:04]} 65. Kxa3 {[%clk 0:00:15]}  Qd3+ {[%clk 0:00:04]} 66. Kb2 {[%clk 0:00:14]}  Rb6+ {[%clk 0:00:04]} 67. Kc1 {[%clk 0:00:14]}  Qf1# {[%clk 0:00:04]} 0-1

[Event "April 9 Early 2024"]
[Site "Chess.com"]
[Date "2024.04.09"]
[Round "3"]
[White "Onslow, Alfie"]
[Black "Jimenez Almeida, Luis David"]
[Result "1-0"]
[Board "193"]
[WhiteFideId "436976"]
[BlackFideId "22242244"]
[BlackTitle "FM"]
[WhiteElo "2287"]
[BlackElo "2566"]
[WhiteTeam "ENG"]
[BlackTeam "ESP"]
[WhiteClock "0:00:46"]
[BlackClock "0:00:05"]
[Variant "Standard"]

1. e4 {[%clk 0:03:00]}  g6 {[%clk 0:02:57]} 2. d4 {[%clk 0:02:57]}  Bg7 {[%clk 0:02:58]} 3. Nf3 {[%clk 0:02:57]}  d6 {[%clk 0:02:58]} 4. Bc4 {[%clk 0:02:56]}  e6 {[%clk 0:02:59]} 5. O-O {[%clk 0:02:56]}  a6 {[%clk 0:02:57]} 6. Qe2 {[%clk 0:02:56]}  Nd7 {[%clk 0:02:54]} 7. a4 {[%clk 0:02:54]}  b6 {[%clk 0:02:53]} 8. c3 {[%clk 0:02:53]}  Ne7 {[%clk 0:02:53]} 9. Nbd2 {[%clk 0:02:49]}  h6 {[%clk 0:02:50]} 10. Re1 {[%clk 0:02:48]}  O-O {[%clk 0:02:50]} 11. Nf1 {[%clk 0:02:47]}  Bb7 {[%clk 0:02:50]} 12. Ng3 {[%clk 0:02:47]}  c5 {[%clk 0:02:47]} 13. h4 {[%clk 0:02:38]}  cxd4 {[%clk 0:02:25]} 14. cxd4 {[%clk 0:02:39]}  Nf6 {[%clk 0:02:06]} 15. h5 {[%clk 0:02:23]}  d5 {[%clk 0:01:59]} 16. e5 {[%clk 0:02:09]}  Ne4 {[%clk 0:01:25]} 17. Nxe4 {[%clk 0:02:01]}  dxe4 {[%clk 0:01:26]} 18. Nh2 {[%clk 0:01:48]}  Qxd4 {[%clk 0:01:21]} 19. Ng4 {[%clk 0:01:48]}  gxh5 {[%clk 0:01:11]} 20. Nxh6+ {[%clk 0:01:42]}  Bxh6 {[%clk 0:01:07]} 21. Bxh6 {[%clk 0:01:43]}  Qxe5 {[%clk 0:01:01]} 22. Bxf8 {[%clk 0:01:30]}  Kxf8 {[%clk 0:01:01]} 23. Bd3 {[%clk 0:01:31]}  Rd8 {[%clk 0:00:33]} 24. Bxe4 {[%clk 0:01:29]}  Bxe4 {[%clk 0:00:33]} 25. Qxe4 {[%clk 0:01:30]}  Qxe4 {[%clk 0:00:20]} 26. Rxe4 {[%clk 0:01:31]}  Rd2 {[%clk 0:00:20]} 27. b4 {[%clk 0:01:25]}  Kg7 {[%clk 0:00:18]} 28. Rc1 {[%clk 0:01:14]}  Nd5 {[%clk 0:00:18]} 29. Re5 {[%clk 0:00:47]}  Kg6 {[%clk 0:00:17]} 30. Rc6 {[%clk 0:00:46]}  Rd1+ {[%clk 0:00:14]} 31. Kh2 {[%clk 0:00:46]}  Ra1 {[%clk 0:00:11]} 32. Rxd5 {[%clk 0:00:46]}  Rxa4 {[%clk 0:00:08]} 33. Rxb6 {[%clk 0:00:46]}  Kg7 {[%clk 0:00:05]} 34. Ra5 {[%clk 0:00:46]} 1-0

[Event "April 9 Early 2024"]
[Site "Chess.com"]
[Date "2024.04.09"]
[Round "3"]
[White "Yagupov, Igor"]
[Black "Ram, Jwalanthi"]
[Result "1-0"]
[Board "194"]
[WhiteFideId "4113632"]
[BlackFideId "30981301"]
[WhiteTitle "GM"]
[BlackTitle "WCM"]
[WhiteElo "2565"]
[BlackElo "2282"]
[WhiteTeam "RUS"]
[BlackTeam "USA"]
[WhiteClock "0:01:23"]
[BlackClock "0:00:00"]
[Variant "Standard"]

1. Nf3 {[%clk 0:03:00]}  d5 {[%clk 0:02:58]} 2. c4 {[%clk 0:02:59]}  c6 {[%clk 0:02:50]} 3. d4 {[%clk 0:02:57]}  Nf6 {[%clk 0:02:48]} 4. Nc3 {[%clk 0:02:57]}  e6 {[%clk 0:02:44]} 5. Bg5 {[%clk 0:02:56]}  Bb4 {[%clk 0:02:33]} 6. Qb3 {[%clk 0:02:45]}  Be7 {[%clk 0:02:21]} 7. e3 {[%clk 0:02:42]}  O-O {[%clk 0:02:20]} 8. Bd3 {[%clk 0:02:41]}  h6 {[%clk 0:02:20]} 9. Bh4 {[%clk 0:02:40]}  Nbd7 {[%clk 0:02:18]} 10. O-O {[%clk 0:02:38]}  Nh7 {[%clk 0:01:55]} 11. Bg3 {[%clk 0:02:37]}  Ng5 {[%clk 0:01:39]} 12. Nxg5 {[%clk 0:02:27]}  Bxg5 {[%clk 0:01:35]} 13. Bd6 {[%clk 0:02:19]}  Be7 {[%clk 0:01:35]} 14. Bxe7 {[%clk 0:02:16]}  Qxe7 {[%clk 0:01:35]} 15. f4 {[%clk 0:02:17]}  f5 {[%clk 0:01:16]} 16. Qc2 {[%clk 0:02:05]}  Nf6 {[%clk 0:01:00]} 17. c5 {[%clk 0:02:03]}  Bd7 {[%clk 0:00:48]} 18. b4 {[%clk 0:02:02]}  b5 {[%clk 0:00:34]} 19. a4 {[%clk 0:01:57]}  a6 {[%clk 0:00:32]} 20. Ra3 {[%clk 0:01:54]}  Rfb8 {[%clk 0:00:18]} 21. Rfa1 {[%clk 0:01:52]}  Qe8 {[%clk 0:00:06]} 22. axb5 {[%clk 0:01:35]}  axb5 {[%clk 0:00:06]} 23. h3 {[%clk 0:01:33]}  Rxa3 {[%clk 0:00:04]} 24. Rxa3 {[%clk 0:01:32]}  Ra8 {[%clk 0:00:05]} 25. Ra5 {[%clk 0:01:26]}  Kh7 {[%clk 0:00:00]} 26. Qa2 {[%clk 0:01:23]} 1-0

[Event "April 9 Early 2024"]
[Site "Chess.com"]
[Date "2024.04.09"]
[Round "3"]
[White "Sasvatha A"]
[Black "Banerjee, Supratit"]
[Result "0-1"]
[Board "196"]
[WhiteFideId "45010862"]
[BlackFideId "2410079"]
[WhiteTitle "WCM"]
[BlackTitle "CM"]
[WhiteElo "2271"]
[BlackElo "2563"]
[WhiteTeam "IND"]
[BlackTeam "ENG"]
[WhiteClock "0:00:49"]
[BlackClock "0:01:23"]
[Variant "Standard"]

1. d4 {[%clk 0:02:55]}  d5 {[%clk 0:02:58]} 2. Nf3 {[%clk 0:02:55]}  Nf6 {[%clk 0:02:58]} 3. Bf4 {[%clk 0:02:54]}  e6 {[%clk 0:02:58]} 4. e3 {[%clk 0:02:54]}  Bd6 {[%clk 0:02:58]} 5. Bg5 {[%clk 0:02:54]}  O-O {[%clk 0:02:58]} 6. c3 {[%clk 0:02:53]}  h6 {[%clk 0:02:58]} 7. Bh4 {[%clk 0:02:53]}  b6 {[%clk 0:02:56]} 8. Bd3 {[%clk 0:02:53]}  Bb7 {[%clk 0:02:57]} 9. O-O {[%clk 0:02:54]}  Nbd7 {[%clk 0:02:57]} 10. Nbd2 {[%clk 0:02:54]}  c5 {[%clk 0:02:57]} 11. Qe2 {[%clk 0:02:52]}  Be7 {[%clk 0:02:47]} 12. a4 {[%clk 0:02:45]}  Ne4 {[%clk 0:02:44]} 13. Bxe7 {[%clk 0:02:44]}  Qxe7 {[%clk 0:02:44]} 14. Bb5 {[%clk 0:02:41]}  f6 {[%clk 0:02:32]} 15. Bxd7 {[%clk 0:02:38]}  Qxd7 {[%clk 0:02:32]} 16. Nxe4 {[%clk 0:02:36]}  dxe4 {[%clk 0:02:31]} 17. Nd2 {[%clk 0:02:36]}  Rad8 {[%clk 0:02:30]} 18. Rfd1 {[%clk 0:02:24]}  cxd4 {[%clk 0:02:08]} 19. cxd4 {[%clk 0:02:19]}  f5 {[%clk 0:02:08]} 20. Rdc1 {[%clk 0:02:11]}  f4 {[%clk 0:02:05]} 21. Qg4 {[%clk 0:02:02]}  e5 {[%clk 0:01:55]} 22. Qxd7 {[%clk 0:01:55]}  Rxd7 {[%clk 0:01:54]} 23. Nf1 {[%clk 0:01:06]}  exd4 {[%clk 0:01:48]} 24. exd4 {[%clk 0:01:06]}  Rxd4 {[%clk 0:01:46]} 25. Rc7 {[%clk 0:01:06]}  Rf7 {[%clk 0:01:45]} 26. Rxf7 {[%clk 0:01:05]}  Kxf7 {[%clk 0:01:45]} 27. Rc1 {[%clk 0:01:05]}  Bd5 {[%clk 0:01:38]} 28. Rc7+ {[%clk 0:01:02]}  Kg8 {[%clk 0:01:37]} 29. Rxa7 {[%clk 0:01:01]}  Rd1 {[%clk 0:01:36]} 30. Rc7 {[%clk 0:00:59]}  e3 {[%clk 0:01:34]} 31. fxe3 {[%clk 0:00:59]}  fxe3 {[%clk 0:01:33]} 32. Rc8+ {[%clk 0:00:56]}  Kh7 {[%clk 0:01:32]} 33. Rc2 {[%clk 0:00:55]}  Bc4 {[%clk 0:01:24]} 34. Rxc4 {[%clk 0:00:55]}  e2 {[%clk 0:01:24]} 35. Rf4 {[%clk 0:00:49]}  e1=Q {[%clk 0:01:23]} 0-1